000 00679nam a2200253Ia 4500
003 OSt
005 20220918223908.0
006 a|||||r|||| 00| 0
007 ta
008 220917b |||||||| |||| 00| 0 eng d
024 _a225,520
037 _cTextual
040 _aARTS
_cARTS
_beng
041 _2eng
_aeng
082 _aR1, P1;1(RD)
100 _aSainsbury Mark
_9146827
245 0 _aLogical forms
_b An introduction to philosophical logic
250 _a2nd
260 _aMalden
_bBlackwell pub. U. S. A.
_c2001
300 _avii, 424p
_ccm.
650 _aPHILOSOPHY
942 _hR1, P1;1(RD)
_cTEXL
_2CC
999 _c279686
_d279686